Elements of social psychology (Record no. 87347)

MARC details
000 -LEADER
fixed length control field 00477nam a2200193Ia 4500
003 - CONTROL NUMBER IDENTIFIER
control field OSt
005 - DATE AND TIME OF LATEST TRANSACTION
control field 20220826093801.0
008 - FIXED-LENGTH DATA ELEMENTS--GENERAL INFORMATION
fixed length control field 210210b1976 xxu||||| |||| 00| 0 eng d
040 ## - CATALOGING SOURCE
Transcribing agency AL
041 ## - LANGUAGE CODE
Language code of text/sound track or separate title English
082 ## - DEWEY DECIMAL CLASSIFICATION NUMBER
Classification number 302 BHAE
100 ## - MAIN ENTRY--PERSONAL NAME
Personal name BHATIA (Hans Raj)
9 (RLIN) 55500
245 ## - TITLE STATEMENT
Title Elements of social psychology
260 ## - PUBLICATION, DISTRIBUTION, ETC.
Place of publication, distribution, etc. Bombay
Name of publisher, distributor, etc. Somaiya Publications Pvt Ltd
Date of publication, distribution, etc. 1976
300 ## - PHYSICAL DESCRIPTION
Extent vi,428
690 ## - LOCAL SUBJECT ADDED ENTRY--TOPICAL TERM (OCLC, RLIN)
Topical term or geographic name as entry element Social Psychology
9 (RLIN) 55501
906 ## - LOCAL DATA ELEMENT F, LDF (RLIN)
a 037027
942 ## - ADDED ENTRY ELEMENTS (KOHA)
Source of classification or shelving scheme Dewey Decimal Classification
Koha item type Book
Holdings
Withdrawn status Lost status Source of classification or shelving scheme Damaged status Not for loan Collection code Home library Current library Date acquired Cost, normal purchase price Total Checkouts Full call number Barcode Date last seen Price effective from Koha item type
    Dewey Decimal Classification     Sociology St Aloysius Library St Aloysius Library 02/17/2021 0.00   302 BHAE 037027 02/17/2021 02/17/2021 Book
    Dewey Decimal Classification     Sociology St Aloysius Library St Aloysius Library 02/17/2021 0.00   302 BHAE 037133 02/17/2021 02/17/2021 Book
    Dewey Decimal Classification     Sociology St Aloysius Library St Aloysius Library 02/17/2021 0.00   302 BHAE 037134 02/17/2021 02/17/2021 Book